| 000 | 01179nam a22001457a 4500 | ||
|---|---|---|---|
| 999 |
_c517934 _d517934 |
||
| 008 | 210804b ||||| |||| 00| 0 eng d | ||
| 100 |
_aChan, David C. _928279 |
||
| 245 | _aInfluence and information in team decisions: Evidence from medical residency | ||
| 260 | _aAmerican Economic Journal: Economic Policy | ||
| 300 | _a13(1), Feb, 2021: p.106-137 | ||
| 520 | _aI study team decisions among physician trainees. Exploiting a discontinuity in team roles across trainee tenure, I find evidence that teams alter decision-making, concentrating influence in the hands of senior trainees. I also demonstrate little convergence in variation of trainee effects despite intensive training. This general pattern of trainee effects on team decision-making exists in all types of decisions and settings that I examine. In analyses evaluating mechanisms behind this pattern, I find support for the idea that significant experiential learning occurs during training and that teams place more weight on judgments of senior trainees in order to aggregate information. – Reproduced | ||
| 773 | _aAmerican Economic Journal: Economic Policy | ||
| 906 | _aDECISION MAKING | ||
| 942 | _cAR | ||